[Event "ICS rated standard match"]
[Site "204.178.125.65"]
[Date "1999.11.09"]
[Round "?"]
[White "Hossa"]
[Black "expert101"]
[Result "1-0"]
[WhiteElo "2356"]
[BlackElo "2097"]
[PlyCount "53"]
[EventDate "1999.??.??"]

1. c3 d5 2. d4 Nf6 3. Nf3 c6 4. Bf4 Nbd7 5. e3 Nb6 6. Nbd2 Bg4 7. Bd3 e6 8. O-O
Bd6 9. Bg5 h6 10. Bh4 O-O 11. Qc2 Be7 12. Ne5 Bh5 13. Ndf3 Bxf3 14. Nxf3 Ne8
15. Bg3 Bd6 16. e4 Bxg3 17. fxg3 dxe4 18. Bxe4 Nf6 19. Ne5 Nbd7 20. Nxd7 Qxd7
21. Rae1 Nxe4 22. Rxe4 Rad8 23. Re5 Qc7 24. Qf2 Rd5 25. Rxe6 Rfd8 26. Re2 f6
27. Rfe1 {expert101 resigns} 1-0

[Event "ICS rated bullet match"]
[Site "204.178.125.65"]
[Date "1999.11.09"]
[Round "?"]
[White "Hossa"]
[Black "FifthAvenue"]
[Result "1-0"]
[WhiteElo "2421"]
[BlackElo "2304"]
[PlyCount "155"]
[EventDate "1999.??.??"]

1. c3 e6 2. d4 d6 3. e4 b6 4. Nf3 Be7 5. Nbd2 Bb7 6. Bd3 Nd7 7. O-O c5 8. b4
Qc7 9. Ba3 Ngf6 10. bxc5 bxc5 11. Rb1 O-O 12. Qe2 Rab8 13. Rfc1 Ba8 14. Rxb8
Rxb8 15. Rb1 Rxb1+ 16. Bxb1 Qa5 17. Bb2 Qb6 18. Nc4 Qa6 19. Nfd2 Nb6 20. dxc5
dxc5 21. e5 Nfd7 22. Qh5 Nf8 23. Ne3 Qb7 24. c4 Na4 25. Ba1 Ng6 26. Qe2 Nf4 27.
Qg4 Ng6 28. Bxg6 hxg6 29. Nc2 Qd7 30. Qe2 Nb6 31. Ne3 Qc6 32. Qg4 Qc7 33. a3
Qd7 34. Qe2 Nc8 35. Bc3 Nb6 36. f4 Bc6 37. Ng4 Na8 38. Nf2 Nc7 39. Qg4 Ne8 40.
Nde4 Bxe4 41. Nxe4 Qd3 42. Qf3 Qb1+ 43. Kf2 Qb3 44. Qd3 Qa2+ 45. Kf3 Qxa3 46.
Qd7 Kf8 47. Qd3 Qa4 48. Kf2 Qc6 49. Kg1 Qc7 50. Qf3 Qd8 51. Bb2 Qc7 52. Bc3 Qb6
53. Qe3 Qb3 54. Nxc5 Qd1+ 55. Kf2 Qc2+ 56. Kg3 Qf5 57. Nd7+ Kg8 58. Qf3 Qh5 59.
Qxh5 gxh5 60. c5 a6 61. c6 Nc7 62. Ba5 Nd5 63. c7 Nxc7 64. Bxc7 Bb4 65. Kh4 a5
66. Kxh5 a4 67. Bd6 a3 68. Bxb4 a2 69. Bc3 g6+ 70. Kh6 f6 71. exf6 Kf7 72. Ba1
Ke8 73. Ne5 Kd8 74. f7 Kc7 75. f8=Q Kb6 76. Qd6+ Ka5 77. Bc3+ Ka4 78. Qb4# {
FifthAvenue checkmated} 1-0

[Event "ICS rated bullet match"]
[Site "204.178.125.65"]
[Date "1999.11.09"]
[Round "?"]
[White "FifthAvenue"]
[Black "Hossa"]
[Result "0-1"]
[WhiteElo "2306"]
[BlackElo "2432"]
[PlyCount "66"]
[EventDate "1999.??.??"]

1. d3 d5 2. e3 e5 3. Be2 Nf6 4. Nd2 Nc6 5. c4 dxc4 6. Nxc4 Bb4+ 7. Bd2 Bxd2+ 8.
Nxd2 Bf5 9. Qc2 Nd5 10. a3 O-O 11. Ngf3 Bg4 12. O-O Qd7 13. h3 Bxf3 14. Bxf3
Rad8 15. Ne4 Nce7 16. Rfd1 Qb5 17. b4 f5 18. Nc3 Qb6 19. Na4 Qf6 20. Nc5 Qc6
21. Rac1 b6 22. Qa2 bxc5 23. Rxc5 Qe6 24. Rdc1 e4 25. dxe4 fxe4 26. Bg4 Qf7 27.
Qe2 Qf6 28. Rc6 Nxc6 29. Qc4 Qxf2+ 30. Kh1 Ne5 31. Rc2 Qe1+ 32. Kh2 Nxc4 33.
Rc3 33... Rf1 {FifthAvenue resigns} 0-1

[Event "ICS rated blitz match"]
[Site "204.178.125.65"]
[Date "1999.11.09"]
[Round "?"]
[White "vodka"]
[Black "Hossa"]
[Result "1-0"]
[WhiteElo "2384"]
[BlackElo "2402"]
[PlyCount "74"]
[EventDate "1999.??.??"]

1. e4 c5 2. Nf3 d6 3. d4 cxd4 4. Nxd4 Nf6 5. Nc3 a6 6. f4 e5 7. Nf3 exf4 8. Bc4
b5 9. Bd5 Nxd5 10. Nxd5 Nd7 11. O-O Nf6 12. Qd4 Nxd5 13. exd5 f6 14. a4 bxa4
15. Qxa4+ Bd7 16. Re1+ Be7 17. Qe4 g5 18. Nd4 Ra7 19. Bd2 Kf7 20. Ba5 Qe8 21.
Nc6 Bxc6 22. dxc6 Ra8 23. Qe6+ Kf8 24. c7 f3 25. Bb4 fxg2 26. Bxd6 Kg7 27. Bxe7
Qf7 28. Bxf6+ Qxf6 29. Qd7+ Kg6 30. Re6 Rhe8 31. Rxf6+ Kxf6 32. Rxa6+ Rxa6 33.
Qxe8 Re6 34. Qf8+ Kg6 35. c8=Q Re1+ 36. Kxg2 Re2+ 37. Kf3 37... h6 {
Hossa resigns} 1-0

[Event "ICS rated standard match"]
[Site "204.178.125.65"]
[Date "1999.11.09"]
[Round "?"]
[White "Hossa"]
[Black "MissSilicon"]
[Result "0-1"]
[WhiteElo "2368"]
[BlackElo "2351"]
[PlyCount "111"]
[EventDate "1999.??.??"]

1. d4 Nf6 2. Nf3 e6 3. c4 b6 4. g3 Bb7 5. Nc3 Bb4 6. a3 Bxc3+ 7. bxc3 Ne4 8.
Bb2 Nc6 9. d5 Na5 10. Qd3 Nd6 11. dxe6 dxe6 12. c5 bxc5 13. Qd1 O-O 14. Bc1 Nb5
15. Qc2 Qf6 16. Bg5 Qf5 17. Qxf5 exf5 18. Bg2 Rfe8 19. Rc1 Nxa3 20. e3 h6 21.
Bf4 g5 22. Bxc7 Nb3 23. Rd1 Nb5 24. Bd6 Rad8 25. Rb1 Bd5 26. Bxc5 Nxc5 27. Rxb5
Nd3+ 28. Ke2 Bc4 29. Nd4 Rxd4 30. cxd4 Bxb5 31. Rb1 Ba6 32. Ra1 Bc4 33. Kd2
Nxf2 34. Ra4 Bb5 35. Rxa7 Ne4+ 36. Bxe4 Rxe4 37. Ra5 Bd7 38. d5 Ra4 39. Rxa4
Bxa4 40. Kd3 Kg7 41. h4 Bd7 42. Kc4 Bc8 43. Kc5 Kf6 44. Kd6 gxh4 45. gxh4 Bb7
46. Kc5 Ke7 47. d6+ Kd7 48. Kb6 Be4 49. Kc5 Bf3 50. Kc4 Kxd6 51. Kd4 Bg4 52.
Kc3 Kd5 53. Kd3 Bf3 54. Kd2 Ke4 55. Ke1 Kxe3 56. Kf1 {Hossa resigns} 0-1

[Event "ICS rated bullet match"]
[Site "204.178.125.65"]
[Date "1999.11.09"]
[Round "?"]
[White "Hossa"]
[Black "NonWimp"]
[Result "0-1"]
[WhiteElo "2490"]
[BlackElo "2602"]
[PlyCount "82"]
[EventDate "1999.??.??"]

1. d3 e5 2. e4 Nc6 3. Nf3 Nf6 4. Nc3 d5 5. exd5 Nxd5 6. Nxd5 Qxd5 7. Be2 Bb4+
8. c3 Bc5 9. a4 O-O 10. b4 Be7 11. b5 Nd8 12. O-O Bf5 13. c4 Qd6 14. Bb2 f6 15.
d4 e4 16. Nh4 Bd7 17. Ba3 Qe6 18. d5 Qe5 19. f4 exf3 20. Rxf3 f5 21. Bxe7 Qxe7
22. g3 Nf7 23. Ng2 Ng5 24. Re3 Nh3+ 25. Kf1 Qg5 26. Re5 Qf6 27. Re3 f4 28. Rf3
Bg4 29. gxf4 Bxf3 30. Bxf3 Qb6 31. c5 Qxc5 32. Ke2 Qf2+ 33. Kd3 Nxf4+ 34. Nxf4
Rxf4 35. Be4 Re8 36. Bxh7+ Kf8 37. Kc3 Qc5+ 38. Kb2 Rb4+ 39. Ka2 Qc4+ 40. Ka3
Qc3+ 41. Qb3 41... Qxb3# {Hossa checkmated} 0-1

[Event "ICS rated blitz match"]
[Site "204.178.125.65"]
[Date "1999.11.09"]
[Round "?"]
[White "Hossa"]
[Black "ComputoJon"]
[Result "1-0"]
[WhiteElo "2399"]
[BlackElo "2242"]
[PlyCount "43"]
[EventDate "1999.??.??"]

1. c3 e6 2. d4 c5 3. Bf4 Nf6 4. e3 d5 5. Nf3 Bd6 6. Bb5+ Nc6 7. Bxd6 Qxd6 8.
O-O O-O 9. Nbd2 a6 10. Bxc6 bxc6 11. Qb3 a5 12. Qa3 Nd7 13. Nb3 e5 14. dxe5
Nxe5 15. Nxe5 Qxe5 16. Qxc5 h5 17. Nxa5 Ba6 18. Nxc6 Qg5 19. Rfd1 Be2 20. Rxd5
f5 21. Rxf5 Rxf5 22. Qxf5 {ComputoJon resigns} 1-0

[Event "ICS rated standard match"]
[Site "204.178.125.65"]
[Date "1999.11.09"]
[Round "?"]
[White "MissSilicon"]
[Black "Hossa"]
[Result "1-0"]
[WhiteElo "2368"]
[BlackElo "2351"]
[PlyCount "100"]
[EventDate "1999.??.??"]

1. Nf3 g5 2. Nxg5 e5 3. Nf3 e4 4. Nd4 d5 5. d3 Bg7 6. e3 c5 7. Nb5 exd3 8. Bxd3
Nf6 9. O-O O-O 10. c4 d4 11. exd4 a6 12. Qa4 cxd4 13. Bf4 Bd7 14. Qa3 Nc6 15.
Nd6 b5 16. cxb5 axb5 17. Qc5 b4 18. Bb5 Qa5 19. Rc1 Nb8 20. Nd2 Na6 21. Qc4 Nh5
22. Bxd7 Nxf4 23. Bc6 Rab8 24. Bb7 Rbd8 25. N2e4 Nb8 26. g3 Nh3+ 27. Kf1 Ng5
28. Nxg5 Rxd6 29. Ne4 Rd7 30. Nc5 Rc7 31. Nb3 Rxc4 32. Nxa5 Rxc1+ 33. Rxc1 Rd8
34. Be4 Bf6 35. Nb7 Re8 36. Bd5 Be5 37. f4 Kg7 38. fxe5 Rxe5 39. Bb3 Re7 40.
Nd6 Rd7 41. Ne8+ Kg6 42. Rc8 Rb7 43. Rd8 d3 44. Rd6+ Kg5 45. Rxd3 f5 46. h4+
Kh5 47. Rd6 Kg4 48. Kg2 f4 49. Be6+ Kh5 50. Bf5 50... Rd7 {Hossa resigns} 1-0

[Event "ICS rated bullet match"]
[Site "204.178.125.65"]
[Date "1999.11.09"]
[Round "?"]
[White "Hossa"]
[Black "FifthAvenue"]
[Result "1-0"]
[WhiteElo "2479"]
[BlackElo "2296"]
[PlyCount "97"]
[EventDate "1999.??.??"]

1. c3 e6 2. d4 d6 3. e4 b6 4. Nf3 a6 5. Bd3 Be7 6. Be3 Nd7 7. O-O c5 8. Re1 Qc7
9. b4 Bb7 10. Nbd2 Ngf6 11. bxc5 bxc5 12. Rb1 O-O 13. Ng5 Rfb8 14. Qc2 h6 15.
Ngf3 Bc6 16. Rxb8+ Nxb8 17. e5 dxe5 18. Nxe5 Be8 19. Ndc4 Nc6 20. Nxc6 Bxc6 21.
Ne5 Bb7 22. Qe2 Bd6 23. Bf4 Nd5 24. Bd2 Nf6 25. Bc1 Nd5 26. Qg4 Nf6 27. Qf4 Rc8
28. Bd2 cxd4 29. cxd4 Bxe5 30. dxe5 Nd7 31. Qd4 Nf8 32. Qa7 Ra8 33. Qe3 Rd8 34.
Rc1 Qd7 35. Rc3 Qd5 36. f3 Qxa2 37. Rc7 Bd5 38. Bc3 Qb3 39. Bxa6 Qb1+ 40. Be1
Ra8 41. Bd3 Qb8 42. Qc5 Qe8 43. Bb5 Qd8 44. Bc3 Qb8 45. Re7 Ra2 46. Re8 Qa8 47.
Qxf8+ Kh7 48. Bd3+ g6 49. Qxf7# {FifthAvenue checkmated} 1-0

[Event "ICS rated bullet match"]
[Site "204.178.125.65"]
[Date "1999.11.09"]
[Round "?"]
[White "FifthAvenue"]
[Black "Hossa"]
[Result "0-1"]
[WhiteElo "2288"]
[BlackElo "2487"]
[PlyCount "86"]
[EventDate "1999.??.??"]

1. e4 c5 2. d3 e6 3. Nf3 d5 4. Be2 Nc6 5. exd5 exd5 6. c3 Nf6 7. O-O Bd6 8. h3
O-O 9. Re1 Bf5 10. Nbd2 Re8 11. Nf1 Ne5 12. Bg5 Nxf3+ 13. Bxf3 Rxe1 14. Qxe1
Bxd3 15. Qd2 Be4 16. Bxf6 Qxf6 17. Bxe4 dxe4 18. Re1 Qe6 19. Qg5 Qxa2 20. Qd2
Qe6 21. Ne3 Rd8 22. Nd5 Qe5 23. g3 Qf5 24. c4 Qxh3 25. Qg5 Rf8 26. Rxe4 Kh8 27.
Rh4 Qe6 28. Qh5 Qg6 29. Qf3 Qb1+ 30. Kg2 Qxb2 31. Re4 Qc2 32. Qe3 Qd1 33. g4 f5
34. Re8 Qxg4+ 35. Kf1 Qxc4+ 36. Kg2 Qxd5+ 37. Kf1 Qh1+ 38. Ke2 Qh5+ 39. Kd2
Qxe8 40. Qxe8 Rxe8 41. Kd3 Kg8 42. Kc4 Kf7 43. Kd5 43... Kf6 {
FifthAvenue resigns} 0-1

[Event "ICS unrated blitz match"]
[Site "204.178.125.65"]
[Date "1999.11.10"]
[Round "?"]
[White "Hossa"]
[Black "Moron"]
[Result "0-1"]
[WhiteElo "2408"]
[BlackElo "2751"]
[PlyCount "84"]
[EventDate "1999.??.??"]

1. c3 Nf6 2. d4 g6 3. c4 Bg7 4. Nc3 d5 5. cxd5 Nxd5 6. e4 Nxc3 7. bxc3 c5 8.
Be3 Nc6 9. Ne2 Qa5 10. Bd2 cxd4 11. cxd4 Qa3 12. Bc3 f5 13. e5 O-O 14. Bd2 Rd8
15. Bc1 Qb4+ 16. Bd2 Qc4 17. f4 Nxd4 18. Nc3 Qc6 19. Rc1 Be6 20. Kf2 Qc5 21.
Be3 Qb4 22. Bd3 Qb2+ 23. Kg3 g5 24. Rf1 gxf4+ 25. Bxf4 Nc6 26. Rf2 Qa3 27. Rd2
Kh8 28. Nb5 Qa5 29. Qe2 a6 30. Nc3 Rd4 31. Rdd1 Rg8 32. Bd2 Qb6 33. Kh3 Nxe5
34. Bf4 Rxf4 35. Bb1 Rh4+ 36. Kxh4 Bf6+ 37. Kh3 f4+ 38. Bf5 Bxf5+ 39. g4 Bxg4+
40. Qxg4 Qe3+ 41. Kg2 Rxg4+ 42. Kh1 42... Qf3# {Hossa checkmated} 0-1

[Event "ICS rated blitz match"]
[Site "204.178.125.65"]
[Date "1999.11.10"]
[Round "?"]
[White "Beadle"]
[Black "Hossa"]
[Result "1-0"]
[WhiteElo "2523"]
[BlackElo "2408"]
[PlyCount "88"]
[EventDate "1999.??.??"]

1. e4 c5 2. c3 e6 3. d4 d5 4. exd5 exd5 5. Nf3 Nc6 6. Bb5 a6 7. Bxc6+ bxc6 8.
Qa4 Bb7 9. O-O cxd4 10. Re1+ Be7 11. Nxd4 Qd7 12. Qb3 O-O-O 13. Bf4 Qg4 14. Be5
f6 15. Bg3 Bd6 16. Bxd6 Rxd6 17. Qa3 Rd8 18. Ne6 Re8 19. Qd6 Rxe6 20. Qxe6+
Qxe6 21. Rxe6 Kd7 22. Re2 c5 23. Nd2 Ne7 24. Rae1 Ng6 25. Nb3 Rc8 26. Re3 Ne5
27. f4 Ng6 28. Rg3 f5 29. Rg5 Kd6 30. Rxf5 Rc7 31. c4 d4 32. g3 h6 33. Kf2 Ba8
34. h4 Rc8 35. Rf7 a5 36. Rxg7 Nf8 37. Nxa5 Rb8 38. b3 Rb6 39. Re8 Ne6 40.
Rxe6+ Kxe6 41. Rg6+ Kf5 42. Rxb6 Be4 43. Rxh6 Kg4 44. Re6 44... Bh1 {
Hossa resigns} 1-0

[Event "ICS rated blitz match"]
[Site "204.178.125.65"]
[Date "1999.11.10"]
[Round "?"]
[White "Hossa"]
[Black "Kilson"]
[Result "0-1"]
[WhiteElo "2397"]
[BlackElo "2593"]
[PlyCount "166"]
[EventDate "1999.??.??"]

1. e4 c5 2. c3 e6 3. d4 d5 4. exd5 exd5 5. Nf3 Nc6 6. Bb5 Be7 7. Ne5 Bd7 8.
Nxd7 Qxd7 9. O-O cxd4 10. cxd4 Nf6 11. Be3 O-O 12. Nc3 Bb4 13. Re1 Rfe8 14. Qb3
Qd6 15. Be2 Ne4 16. Bd3 Na5 17. Qxd5 Qxd5 18. Nxd5 Bxe1 19. Nc7 Bd2 20. Nxa8
Bxe3 21. fxe3 Nd6 22. Nc7 Rxe3 23. Rd1 Nc6 24. Kf2 Re7 25. Nb5 Re6 26. d5 Rf6+
27. Kg1 Nb4 28. Nxd6 Rxd6 29. a3 Nxd3 30. Rxd3 Kf8 31. b3 Ke7 32. h4 Rf6 33.
Rg3 g6 34. Rg4 Rf5 35. Ra4 a6 36. Rb4 b5 37. Re4+ Kd7 38. d6 Kxd6 39. Re8 Rc5
40. Ra8 Rc6 41. Ra7 Ke6 42. a4 bxa4 43. bxa4 h6 44. Rb7 f5 45. Rb2 Ke5 46. Re2+
Kf4 47. h5 gxh5 48. Kh2 Rc4 49. Ra2 Ke3 50. Ra3+ Ke4 51. a5 f4 52. Kh3 Rc1 53.
Kh2 Rc2 54. Kg1 Kf5 55. Kh2 h4 56. Kh3 Re2 57. Rf3 Ra2 58. Rc3 Rxa5 59. Kxh4
Ra2 60. Rc5+ Ke4 61. Kh3 a5 62. Rh5 a4 63. Rxh6 Rc2 64. Rh8 Rc3+ 65. Kh4 Ke3
66. Rf8 Rc4 67. Rf5 f3+ 68. g4 Rf4 69. Re5+ Re4 70. Rf5 f2 71. Kg3 Rxg4+ 72.
Kxg4 a3 73. Rf7 a2 74. Re7+ Kd3 75. Rd7+ Ke2 76. Re7+ Kf1 77. Ra7 Kg1 78. Kh5
f1=Q 79. Rg7+ Qg2 80. Re7 a1=Q 81. Re6 Qh8+ 82. Rh6 Qe5+ 83. Kh4 83... Qeh2# {
Hossa checkmated} 0-1

[Event "ICS rated blitz match"]
[Site "204.178.125.65"]
[Date "1999.11.10"]
[Round "?"]
[White "LeonGM"]
[Black "Hossa"]
[Result "0-1"]
[WhiteElo "2461"]
[BlackElo "2389"]
[PlyCount "88"]
[EventDate "1999.??.??"]

1. e4 c5 2. Nf3 d6 3. d4 cxd4 4. Nxd4 Nf6 5. Nc3 a6 6. Be3 e5 7. Nb3 Be6 8. f3
d5 9. exd5 Bxd5 10. Bg5 Bb4 11. Qd2 Nbd7 12. a3 Bxc3 13. Qxc3 Rc8 14. Qd2 O-O
15. Be2 Qb6 16. Be3 Qe6 17. Nc1 Qf5 18. Nd3 e4 19. g4 Qe6 20. Nf4 Qc6 21. g5
exf3 22. gxf6 f2+ 23. Kxf2 Bxh1 24. fxg7 Rfe8 25. Bd3 Qf3+ 26. Kg1 Rxe3 27. Rf1
Rxd3 28. cxd3 Qc6 29. d4 Be4 30. d5 Qh6 31. h3 Qxg7+ 32. Kh2 Rc2 33. Qxc2 Bxc2
34. Rg1 Bg6 35. Re1 Qxb2+ 36. Re2 Qxa3 37. h4 Nf6 38. Rg2 Qd6 39. Rf2 Ng4+ 40.
Kg3 Nxf2 41. h5 Be4 42. h6 Nd3 43. Kh2 Qxf4+ 44. Kg1 44... Qf2# {
LeonGM checkmated} 0-1

[Event "ICS rated standard match"]
[Site "204.178.125.65"]
[Date "1999.11.10"]
[Round "?"]
[White "Hossa"]
[Black "robbok1"]
[Result "0-1"]
[WhiteElo "2336"]
[BlackElo "2458"]
[PlyCount "99"]
[EventDate "1999.??.??"]

1. e4 c5 2. Nf3 Nc6 3. Bb5 g6 4. O-O Bg7 5. c3 Nf6 6. Re1 O-O 7. d4 d5 8. exd5
Qxd5 9. c4 Qd6 10. dxc5 Qxd1 11. Rxd1 Ne4 12. Re1 Nxc5 13. Nc3 Nd3 14. Rd1 Bf5
15. Nd5 Nxb2 16. Bxb2 Bxb2 17. Bxc6 bxc6 18. Nxe7+ Kh8 19. Nxf5 Bxa1 20. Ne7
Bg7 21. Nxc6 Rac8 22. Nfe5 Bxe5 23. Nxe5 f6 24. Ng4 Rxc4 25. Ne3 Ra4 26. Rd2
Rc8 27. g3 Rc1+ 28. Kg2 Ra1 29. Rd8+ Kg7 30. Rd7+ Kh6 31. a3 R1xa3 32. Nd5 Rd4
33. Nxf6 Rxd7 34. Nxd7 a5 35. h4 a4 36. Nc5 Ra1 37. Nxa4 Rxa4 38. Kh3 Kg7 39.
f3 Kf6 40. g4 Ke5 41. Kg3 Ra3 42. g5 Kf5 43. Kf2 Kf4 44. Ke2 Rxf3 45. Kd1 Kg4
46. Ke2 Rg3 47. Kd2 Kxh4 48. Ke2 Kxg5 49. Kd2 h5 50. Ke2 {Hossa resigns} 0-1

[Event "ICS rated blitz match"]
[Site "204.178.125.65"]
[Date "1999.11.10"]
[Round "?"]
[White "Hossa"]
[Black "vodka"]
[Result "0-1"]
[WhiteElo "2408"]
[BlackElo "2691"]
[PlyCount "69"]
[EventDate "1999.??.??"]

1. e4 e5 2. d4 exd4 3. Qxd4 Nc6 4. Qc4 Nf6 5. Nf3 Be7 6. Nc3 d6 7. Bf4 O-O 8.
O-O-O Be6 9. Qb5 Qc8 10. Ng5 a6 11. Qe2 Bd7 12. Qd2 h6 13. Nf3 Be6 14. Nd4 Nxd4
15. Qxd4 Rd8 16. Nd5 Nxd5 17. exd5 Bf6 18. Qd2 Bf5 19. Bxh6 gxh6 20. Qxh6 Bg6
21. Rd2 Qf5 22. f4 Qe4 23. f5 Qe1+ 24. Rd1 Qe5 25. Bd3 Qxb2+ 26. Kd2 Qb4+ 27.
c3 Qb2+ 28. Ke3 Qxg2 29. Kf4 Bxc3 30. Rhe1 Re8 31. Re2 Rxe2 32. Bxe2 Qf2+ 33.
Bf3 Be5+ 34. Kg4 Bxf5+ 35. Kg5 {Hossa resigns} 0-1

[Event "ICS Rated blitz match"]
[Site "204.178.125.65"]
[Date "1999.11.10"]
[Round "?"]
[White "MissSilicon"]
[Black "Hossa"]
[Result "1-0"]
[WhiteElo "2759"]
[BlackElo "2406"]
[PlyCount "70"]
[EventDate "1999.??.??"]

1. d4 Nf6 2. c4 e6 3. Nc3 Bb4 4. e3 c5 5. Nge2 cxd4 6. exd4 O-O 7. a3 Be7 8.
Bf4 d5 9. Nb5 Na6 10. Nec3 b6 11. Bd3 dxc4 12. Bxc4 Bb7 13. O-O Qd7 14. Be2 Nd5
15. Nxd5 Qxd5 16. Bf3 Qd7 17. Bxb7 Qxb7 18. Rc1 Qe4 19. Be5 Qh4 20. b4 Bg5 21.
f4 Bf6 22. Qa4 Nb8 23. Nc7 Nd7 24. Nxa8 Nxe5 25. dxe5 Rxa8 26. g3 Qh6 27. Qxa7
Rd8 28. Rfd1 g5 29. exf6 Qxf6 30. Qxb6 Ra8 31. fxg5 Qb2 32. Rd8+ Kg7 33. Rf1
Rxd8 34. Qxd8 Kg6 35. Qg8+ 35... Kh5 {Hossa resigns} 1-0

[Event "ICS rated blitz match"]
[Site "204.178.125.65"]
[Date "1999.11.10"]
[Round "?"]
[White "Hossa"]
[Black "readyink"]
[Result "1-0"]
[WhiteElo "2402"]
[BlackElo "2191"]
[PlyCount "49"]
[EventDate "1999.??.??"]

1. e4 c6 2. d4 d5 3. exd5 cxd5 4. c4 Nf6 5. Nc3 e6 6. Nf3 Be7 7. cxd5 exd5 8.
Bd3 Nc6 9. h3 O-O 10. O-O Re8 11. Bg5 h6 12. Be3 Bd6 13. Re1 a6 14. Rc1 Bd7 15.
Qb3 Na5 16. Qc2 Rc8 17. Qe2 Bf4 18. Qd2 Bb8 19. Bxh6 Ne4 20. Nxe4 Rxc1 21. Qxc1
dxe4 22. Bxe4 gxh6 23. Qxh6 Rxe4 24. Rxe4 Bf5 25. Rh4 {readyink resigns} 1-0

[Event "ICS rated standard match"]
[Site "204.178.125.65"]
[Date "1999.11.10"]
[Round "?"]
[White "Leko-P"]
[Black "Hossa"]
[Result "0-1"]
[WhiteElo "2110"]
[BlackElo "2325"]
[PlyCount "126"]
[EventDate "1999.??.??"]

1. d4 Nf6 2. Nf3 e6 3. c4 b6 4. g3 Bb7 5. Bg2 c5 6. O-O cxd4 7. Nxd4 Bxg2 8.
Kxg2 Bc5 9. Nc3 d6 10. f3 Bxd4 11. Qxd4 Nc6 12. Qd1 O-O 13. e4 Qe7 14. Bf4 Rfd8
15. Qa4 Rac8 16. Rfd1 Na5 17. b3 d5 18. exd5 exd5 19. Re1 Qb7 20. Rad1 dxc4 21.
bxc4 Rxd1 22. Rxd1 Qe7 23. Rd4 Qe1 24. Qc2 Nxc4 25. Qd3 Nb2 26. Rd8+ Ne8 27.
Qd2 Qxd2+ 28. Rxd2 Rxc3 29. Rd8 Rc2+ 30. Kf1 f6 31. Rxe8+ Kf7 32. Re2 Rxe2 33.
Kxe2 b5 34. Bc1 Nc4 35. Kd3 Ke6 36. Kd4 a6 37. a4 Kd6 38. axb5 axb5 39. f4 Kc6
40. f5 Ne5 41. h3 Nc4 42. g4 h6 43. h4 h5 44. gxh5 Nd6 45. Ba3 Nxf5+ 46. Ke4
Ng3+ 47. Kf4 Nxh5+ 48. Kg4 g6 49. Kf3 Kd5 50. Ke3 Kc4 51. Be7 b4 52. Kd2 f5 53.
Bg5 b3 54. Kc1 f4 55. Kb1 f3 56. Be3 Nf4 57. h5 gxh5 58. Bf2 Nd3 59. Be3 h4 60.
Bg1 h3 61. Bd4 Kxd4 62. Ka1 h2 63. Kb1 63... h1=Q# {Leko-P checkmated} 0-1

[Event "ICS rated bullet match"]
[Site "204.178.125.65"]
[Date "1999.11.10"]
[Round "?"]
[White "Rally-Rabbit"]
[Black "Hossa"]
[Result "1-0"]
[WhiteElo "2499"]
[BlackElo "2495"]
[PlyCount "127"]
[EventDate "1999.??.??"]

1. b4 e5 2. Bb2 f6 3. e4 Bxb4 4. Bc4 Ne7 5. Qh5+ g6 6. Qh4 Nec6 7. f4 Nd4 8.
Bxd4 exd4 9. f5 d5 10. Bxd5 c6 11. Bc4 b5 12. Bb3 gxf5 13. Qh5+ Ke7 14. a3 Ba5
15. exf5 d3 16. cxd3 Qd4 17. Ra2 Kd8 18. Qf3 Re8+ 19. Ne2 Qe5 20. g4 Bd7 21. a4
b4 22. Bf7 Re7 23. Bb3 Ke8 24. Kf1 Kf8 25. Nf4 Bb6 26. Ne6+ Ke8 27. Qe4 Qd6 28.
a5 Bd8 29. Qc4 Bc8 30. Nc5 Nd7 31. Ne4 Qf4+ 32. Nf2 Qxc4 33. dxc4 Nc5 34. Bd1
Ba6 35. d3 Re3 36. Be2 b3 37. Ra3 Kf8 38. Nd2 Bc7 39. Nd1 Rh3 40. Kg2 Rh4 41.
Nxb3 Nxb3 42. Rxb3 c5 43. Bf3 Re8 44. Nc3 Bxa5 45. Nd5 Bc8 46. Nxf6 Rd8 47. Ra1
Bb6 48. Nd5 h5 49. Nxb6 axb6 50. h3 Kg8 51. Bd5+ Rxd5 52. cxd5 hxg4 53. Ra8
gxh3+ 54. Kh2 Rd4 55. Rxc8+ Kf7 56. Rxb6 Rb4 57. Rxb4 cxb4 58. d6 Kf6 59. d7
Kxf5 60. d8=Q Ke6 61. Rc6+ Kf5 62. Qf6+ Kg4 63. Rc4+ Kh5 64. Rh4# {
Hossa checkmated} 1-0

[Event "ICS Rated bullet match"]
[Site "204.178.125.65"]
[Date "1999.11.10"]
[Round "?"]
[White "Hossa"]
[Black "vodka"]
[Result "0-1"]
[WhiteElo "2479"]
[BlackElo "2846"]
[PlyCount "104"]
[EventDate "1999.??.??"]

1. b4 d5 2. Nf3 Bf5 3. Ba3 e6 4. d4 a5 5. b5 Nf6 6. Bxf8 Rxf8 7. e3 Qe7 8. Nbd2
Nbd7 9. c3 e5 10. Be2 e4 11. Ng1 Nb6 12. a3 h6 13. a4 Rg8 14. Ra2 Rh8 15. Nb3
c6 16. Nc5 Kf8 17. bxc6 bxc6 18. Rb2 Nfd7 19. g4 Be6 20. Nh3 Rb8 21. Nxd7+ Bxd7
22. Nf4 Kg8 23. c4 dxc4 24. Qb1 Qd8 25. Qxe4 Nxa4 26. Rxb8 Qxb8 27. O-O Nc3 28.
Qf3 Qb5 29. Rc1 Qb2 30. Re1 Nxe2+ 31. Nxe2 a4 32. e4 a3 33. Nf4 a2 34. Qd1 Qa3
35. f3 Qc3 36. Kg2 h5 37. g5 Qa5 38. d5 cxd5 39. Nxd5 Be6 40. Kg1 c3 41. Ne7+
Kh7 42. g6+ fxg6 43. Kh1 c2 44. Qc1 Ra8 45. Nxg6 a1=Q 46. Nf8+ Kg8 47. Qxa1
Qxa1 48. Rxa1 Rxa1+ 49. Kg2 c1=Q 50. Nxe6 Qg1+ 51. Kh3 Ra2 52. Nxg7 52... Qxh2#
{Hossa checkmated} 0-1

[Event "ICS rated blitz match"]
[Site "204.178.125.65"]
[Date "1999.11.10"]
[Round "?"]
[White "PostModernist"]
[Black "Hossa"]
[Result "1-0"]
[WhiteElo "2572"]
[BlackElo "2409"]
[PlyCount "120"]
[EventDate "1999.??.??"]

1. e4 e5 2. Nf3 Nc6 3. Bb5 Nf6 4. d3 d6 5. c3 a6 6. Ba4 Be7 7. O-O O-O 8. Re1
b5 9. Bb3 Bg4 10. Nbd2 d5 11. exd5 Nxd5 12. h3 Bh5 13. Ne4 Na5 14. g4 Bg6 15.
Nxe5 c5 16. Nxg6 fxg6 17. c4 bxc4 18. Bxc4 Kh8 19. Bd2 Nc6 20. Be3 Nd4 21. Bxd4
cxd4 22. a3 Nf4 23. Qf3 Bh4 24. Kh1 Qb6 25. b4 Nd5 26. Qg2 Nf4 27. Qh2 Rae8 28.
Rab1 Qb7 29. Rb2 Rc8 30. Rd2 Rc6 31. Rdd1 Rc7 32. Rc1 Re7 33. Ra1 Qc6 34. Rab1
Qa4 35. Rb3 Ree8 36. Reb1 g5 37. R3b2 Rc8 38. Ra1 Rfe8 39. f3 Re7 40. Nd6 Rf8
41. Nf5 Re1+ 42. Rxe1 Bxe1 43. Rb1 Bc3 44. h4 Qc6 45. Rf1 Qf6 46. hxg5 Qxg5 47.
Bxa6 Rf6 48. Bc4 Rg6 49. Rf2 Rb6 50. Rc2 Rf6 51. Re2 h6 52. Re8+ Kh7 53. Bg8+
Kh8 54. Qa2 Qxf5 55. gxf5 h5 56. Qh2 g5 57. Qg3 g4 58. Bc4+ Kg7 59. Qxf4 Bd2
60. Rg8+ 60... Kh7 {Hossa resigns} 1-0

[Event "ICS Rated blitz match"]
[Site "204.178.125.65"]
[Date "1999.11.10"]
[Round "?"]
[White "Hossa"]
[Black "PostModernist"]
[Result "1-0"]
[WhiteElo "2400"]
[BlackElo "2581"]
[PlyCount "85"]
[EventDate "1999.??.??"]

1. e4 c6 2. d4 d5 3. exd5 cxd5 4. c4 Nf6 5. Nc3 Nc6 6. Bg5 e6 7. Nf3 Be7 8. Be2
O-O 9. O-O dxc4 10. Bxc4 a6 11. Rc1 b5 12. Bd3 Bb7 13. Qd2 Na5 14. Ne5 b4 15.
Ne2 Qd5 16. Nf4 Qxa2 17. Bxf6 Nb3 18. Bxh7+ Kxh7 19. Qd3+ Kg8 20. Bxe7 Nxc1 21.
Rxc1 Rfc8 22. Rb1 a5 23. Bc5 Rd8 24. Nxf7 Rd5 25. Nh6+ gxh6 26. Qg6+ Kh8 27.
Qxh6+ Kg8 28. Qxe6+ Kh8 29. Re1 Qa4 30. Nxd5 Bxd5 31. Qxd5 Re8 32. Qh5+ Kg7 33.
Qxe8 Qxe8 34. Rxe8 Kg6 35. Ra8 b3 36. Rxa5 Kf5 37. g4+ Kxg4 38. Bb4 Kf4 39. Re5
Kg4 40. Kg2 Kf4 41. Bd2+ Kg4 42. f3+ Kh4 43. Be1# {PostModernist checkmated}
1-0

[Event "ICS rated blitz match"]
[Site "204.178.125.65"]
[Date "1999.11.10"]
[Round "?"]
[White "PostModernist"]
[Black "Hossa"]
[Result "1/2-1/2"]
[WhiteElo "2557"]
[BlackElo "2424"]
[PlyCount "82"]
[EventDate "1999.??.??"]

1. e4 e5 2. Nf3 Nc6 3. Bb5 Nge7 4. c3 d5 5. Nxe5 dxe4 6. Qe2 Qd5 7. Nxc6 Nxc6
8. d4 Be6 9. Nd2 f5 10. f3 exf3 11. Nxf3 O-O-O 12. O-O Qe4 13. Qxe4 fxe4 14.
Ng5 Bd5 15. Nf7 Bxf7 16. Rxf7 Re8 17. Bxc6 bxc6 18. Bf4 Bd6 19. Bxd6 cxd6 20.
Rxa7 g6 21. Rf1 Kb8 22. Rff7 e3 23. Rfb7+ Kc8 24. Rf7 Kb8 25. Rae7 h5 26. Rb7+
Ka8 27. Ra7+ Kb8 28. Rfb7+ Kc8 29. Re7 Kb8 30. Rab7+ Ka8 31. a3 Rhf8 32. Ra7+
Kb8 33. Reb7+ Kc8 34. Rg7 Kb8 35. b4 e2 36. Rgb7+ Kc8 37. Rc7+ Kb8 38. Rcb7+
Kc8 39. Rc7+ Kb8 40. Rab7+ Ka8 41. Ra7+ 41... Kb8 {Game drawn by repetition}
1/2-1/2